| 000 | 00000nam 2200000zi 4500 |
| 001 | 9.939233 |
| 003 | CaOODSP |
| 005 | 20250110103129 |
| 006 | m o d f |
| 007 | cr mn||||||||| |
| 008 | 240425e202406 onca ob f000 0 eng d |
| 020 | |a9780660722375 |
| 040 | |aCaOODSP|beng|erda|cCaOODSP |
| 043 | |an-cn--- |
| 086 | 1 |aJ4-162/2024E-PDF |
| 100 | 1 |aOwusu-Bempah, Akwasi, |eauthor. |
| 245 | 12|aA roadmap for transformative change : |bCanada's Black justice strategy / |cAkwasi Owusu-Bempah, Zilla Jones. |
| 264 | 1|a[Ottawa] : |bDepartment of Justice Canada = Ministère de la justice Canada, |cJune 2024. |
| 264 | 3|c©2023 |
| 300 | |a1 online resource (62 pages) : |bcolour illustrations |
| 336 | |atext|btxt|2rdacontent |
| 337 | |acomputer|bc|2rdamedia |
| 338 | |aonline resource|bcr|2rdacarrier |
| 500 | |aIssued also in French under title: Étapes pour un changement transformateur : stratégie canadienne en matière de justice pour les personnes noires. |
| 504 | |aIncludes bibliographical references. |
| 650 | 5|aBlack Canadians|xCivil rights. |
| 650 | 0|aRacism in criminal justice administration|zCanada|xPrevention. |
| 650 | 0|aDiscrimination in criminal justice administration|zCanada|xPrevention. |
| 710 | 1 |aCanada. |bDepartment of Justice, |eissuing body. |
| 775 | 08|tÉtapes pour un changement transformateur : |w(CaOODSP)9.939232 |
| 776 | 0#|tA roadmap for transformative change : |w(CaOODSP)9.946709 |
| 856 | 40|qPDF|s844 KB|uhttps://publications.gc.ca/collections/collection_2024/jus/J4-162-2024-eng.pdf |
| 856 | 4 |qHTML|sN/A|uhttps://www.justice.gc.ca/eng/cj-jp/cbjs-scjn/transformative-transformateur/index.html |